000 00759nam a2200205 4500
999 _c163295
_d163295
005 20190408154546.0
010 _aENG-125032
020 _a9789384692032
_c150.00
035 _aEN-108564
037 _bDBAD/PUB
082 _a570
100 _aParvathi, V. Deepa
245 _aA practical manual on synthesis of nanoparticles and its applictions in biology/
_cby V. Deepa Parvathi [and] K.Rajagopal
260 _aChennai
_bDigital age publishers
_c2017
270 _a26,Vedantham colony,2nd cross street,
_bChennai , Tamilnadu
_e600047
_k9551891745, 9941535005
_mdigitalagepublishers@gmail.com
300 _ax,57p.
_c24cm(pbk)
500 _ait includes glossary and bibliography
700 _aRajagopal, K
942 _2ddc
_cEN
_h570
_mPAR